Integration (Record no. 11806)

MARC details
000 -LEADER
fixed length control field 00731nam a22002297i 4500
003 - CONTROL NUMBER IDENTIFIER
control field URS
005 - DATE AND TIME OF LATEST TRANSACTION
control field 20220117094802.0
008 - FIXED-LENGTH DATA ELEMENTS--GENERAL INFORMATION
fixed length control field 170131b xxu||||| |||| 00| 0 eng d
040 ## - CATALOGING SOURCE
Description conventions rda
Transcribing agency College
Language of cataloging eng
050 00 - LIBRARY OF CONGRESS CALL NUMBER
Classification number PL6153
Item number M324 1975
100 ## - MAIN ENTRY--PERSONAL NAME
Personal name Maramba, Asuncion D.,
Relator term author
245 ## - TITLE STATEMENT
Title Integration
Statement of responsibility, etc. Asuncion D. Maramba
Remainder of title Philippine Literaturen with Communication and Culture
264 #1 - PRODUCTION, PUBLICATION, DISTRIBUTION, MANUFACTURE, AND COPYRIGHT NOTICE
Name of producer, publisher, distributor, manufacturer 1975
Date of production, publication, distribution, manufacture, or copyright notice [National Bookstore Incorporated]
Place of production, publication, distribution, manufacture Manila.
300 ## - PHYSICAL DESCRIPTION
Extent [x], 389 pages
Dimensions 25 cm
336 ## - CONTENT TYPE
Source rda content
Content type term text
337 ## - MEDIA TYPE
Source rda media
Media type term unmediated
338 ## - CARRIER TYPE
Source rda carrier
Carrier type term volume
440 ## - SERIES STATEMENT/ADDED ENTRY--TITLE
Title The National Communication Arts Series
650 ## - SUBJECT ADDED ENTRY--TOPICAL TERM
Topical term or geographic name entry element Philippine Literature
650 ## - SUBJECT ADDED ENTRY--TOPICAL TERM
Topical term or geographic name entry element Collected Works
942 ## - ADDED ENTRY ELEMENTS (KOHA)
Source of classification or shelving scheme Library of Congress Classification
Koha item type Filipiniana
Holdings
Withdrawn status Source of classification or shelving scheme Damaged status Not for loan Collection code Home library Current library Shelving location Date acquired Total Checkouts Full call number Barcode Date last seen Price effective from Koha item type
  Library of Congress Classification     Non-fiction Rodriguez College Library Rodriguez College Library Reference 01/31/2017   PL6153 M324 1975 URSROD-0767 01/31/2017 01/31/2017 Filipiniana
  Library of Congress Classification     Non-fiction Rodriguez College Library Rodriguez College Library Reference 01/31/2017   PL6153 M324 1975 URSROD-0771 01/31/2017 01/31/2017 Filipiniana
  Library of Congress Classification     Non-fiction Rodriguez College Library Rodriguez College Library Reference 01/31/2017   PL6153 M324 1975 URSROD-0774 01/31/2017 01/31/2017 Filipiniana
  Library of Congress Classification     Non-fiction Rodriguez College Library Rodriguez College Library Reference 01/31/2017   PL6153 M324 1975 URSROD-0789 01/31/2017 01/31/2017 Filipiniana
  Library of Congress Classification     Non-fiction Rodriguez College Library Rodriguez College Library Reference 01/31/2017   PL6153 M324 1975 URSROD-0775 01/31/2017 01/31/2017 Filipiniana
  Library of Congress Classification     Non-fiction Rodriguez College Library Rodriguez College Library Reference 01/31/2017   PL6153 M324 1975 URSROD-0773 01/31/2017 01/31/2017 Filipiniana
  Library of Congress Classification     Non-fiction Rodriguez College Library Rodriguez College Library Reference 01/31/2017   PL6153 M324 1975 URSROD-0768 01/31/2017 01/31/2017 Filipiniana
  Library of Congress Classification     Non-fiction Rodriguez College Library Rodriguez College Library Reference 01/31/2017   PL6153 M324 1975 URSROD-0787 01/31/2017 01/31/2017 Filipiniana
  Library of Congress Classification     Non-fiction Rodriguez College Library Rodriguez College Library Reference 01/31/2017   PL6153 M324 1975 URSROD-0769 01/31/2017 01/31/2017 Filipiniana
  Library of Congress Classification     Non-fiction Rodriguez College Library Rodriguez College Library Reference 01/31/2017   PL6153 M324 1975 URSROD-0770 01/31/2017 01/31/2017 Filipiniana
  Library of Congress Classification     Non-fiction Rodriguez College Library Rodriguez College Library Reference 01/31/2017   PL6153 M324 1975 URSROD-0790 01/31/2017 01/31/2017 Filipiniana
  Library of Congress Classification     Non-fiction Rodriguez College Library Rodriguez College Library Reference 01/31/2017   PL6153 M324 1975 URSROD-0777 01/31/2017 01/31/2017 Filipiniana

University of Rizal System
Email us at univlibservices@urs.edu.ph

Visit our Website www.urs.edu.ph/library